00339nam a22000977a 4500008004100000082001200041110000700053245013800060260003400198300000900232230620b xxu||||| |||| 00| 0 eng d a323bUN bUN aCommission on Human RightsbReport on the fifty-second session (18 March-26 April 1996)cEconomic and social councilhSupplement No.3 aNew York and GenevabUNc1996 a497p